[Event "Guadalajara Peoneros op 1st"]
[Site "Guadalajara"]
[Date "2020.01.25"]
[Round "3"]
[White "Balboa Velazquez, Ruben"]
[Black "Plascencia Elizalde, Emmanuel Oswaldo"]
[Result "0-1"]
[WhiteElo "1600"]
[BlackElo "1912"]
[PlyCount "86"]
[EventDate "2020.01.11"]
[EventType "swiss"]
[EventRounds "5"]
[EventCountry "MEX"]
[SourceTitle "CBM 195 Extra"]
[Source "ChessBase"]
[SourceDate "2020.05.31"]
[SourceVersion "1"]
[SourceVersionDate "2020.05.31"]
[SourceQuality "1"]

1. d4 Nf6 2. Bf4 d6 3. e3 g6 4. h3 Bg7 5. Bd3 c5 6. dxc5 Qa5+ 7. c3 Qxc5 8. Nd2 Qd5 9. Ndf3 0-0 10. Qc2 e5 11. e4 Qe6 12. Bh2 d5 13. Ne2 Nbd7 14. b4 dxe4 15. Bxe4 Nxe4 16. Qxe4 f5 17. Qc2 Nb6 18. 0-0 h6 19. Rfe1 Nc4 20. a4 Qf7 21. Nd2 Be6 22. Nxc4 Bxc4 23. Nc1 e4 24. Ne2 Bd3 25. Qb2 Bxe2 26. Rxe2 Qc4 27. Rc2 Rac8 28. Rac1 Rfd8 29. Bf4 Rd3 30. Qa2 Qxa2 31. Rxa2 Rcxc3 32. Rac2 Rxc2 33. Rxc2 Rd7 34. Rc8+ Kf7 35. Rc7 Rxc7 36. Bxc7 Ke6 37. f3 Kd5 38. Kf2 Kc4 39. Bd6 Kd3 40. fxe4 fxe4 41. Ke1 Bc3+ 42. Kd1 e3 43. Bg3 Bd2 0-1